LEADER 01629nas 2200433- 450 001 9910338753503321 005 20181106054256.7 011 $a2252-083X 035 $a(OCoLC)852743618 035 $a(CKB)2670000000374183 035 $a(CONSER)--2014223399 035 $a(EXLCZ)992670000000374183 100 $a20130710a20119999 --- - 101 0 $aper 135 $aur||||||||||| 181 $ctxt$2rdacontent 182 $cc$2rdamedia 183 $acr$2rdacarrier 200 00$aS?stim?h?-yi h?shmand dar muhandis?-i barq 210 1$aI?fah?n :$cMu??vanat-i Pizh?hish? va Fan?var?-i D?nishg?h-i I?fah?n,$d[2011]- 215 $a1 online resource (volumes) 300 $aRefereed/Peer-reviewed 311 $a2251-6530 517 1 $aIntelligent systems in electrical engineering 517 1 $aDaftar-i majallah-i s?stim?h?-yi h?shmand dar muhandis?-i barq 606 $aElectrical engineering$vPeriodicals 606 $aElectrical engineering$xMathematical models$vPeriodicals 606 $aElectrical engineering$2fast$3(OCoLC)fst01728596 606 $aElectrical engineering$xMathematical models$2fast$3(OCoLC)fst01728624 608 $aPeriodicals.$2fast 615 0$aElectrical engineering 615 0$aElectrical engineering$xMathematical models 615 7$aElectrical engineering. 615 7$aElectrical engineering$xMathematical models. 712 02$aD?nishg?h-i I?fah?n.$bMu??vanat-i Pizh?hish? va Fan?var?, 906 $aJOURNAL 912 $a9910338753503321 996 $aS?stim?h?-yi h?shmand dar muhandis?-i barq$92054804 997 $aUNINA LEADER 01087nam a2200301 i 4500 001 991001527279707536 005 20020502195908.0 008 970708s1988 it ||| | ita 020 $a8806116436 035 $ab11525873-39ule_inst 035 $aPRUMB62828$9ExL 040 $aDip. SSSC$bita 082 0 $a842.914 100 1 $aGenet, Jean$0193162 245 13$aLe serve /$cJean Genet ; introduzione di Jean-Paul Sartre ; traduzione di Giorgio Caproni 260 $aTorino :$bEinaudi,$c1988 300 $a44 p. ;$c18 cm. 490 0 $aCollezione di teatro ;$v226 650 4$aTeatro francese$ySec. 20. 700 1 $aSartre, Jean-Paul 700 1 $aCaproni, Giorgio 907 $a.b11525873$b01-03-17$c01-07-02 912 $a991001527279707536 945 $aLE021 CG21BISC37$g1$i2021000002786$lle021$o-$pE0.00$q-$rl$so $t0$u0$v0$w0$x0$y.i11722125$z01-07-02 945 $aLE021 C34BISB33$g1$i2021000042607$lle021$o-$pE0.00$q-$rl$so $t0$u0$v0$w0$x0$y.i11722137$z01-07-02 996 $aServe$9136298 997 $aUNISALENTO 998 $ale021$b01-01-97$cm$da $e-$fita$git $h3$i2 LEADER 01815oam 2200529I 450 001 9910712928703321 005 20240201233846.0 024 8 $aGOVPUB-C13-b1822855282a2b31accc88fa9e2cd9b9 035 $a(CKB)5470000002498908 035 $a(OCoLC)927168591$z(OCoLC)743167270 035 $a(OCoLC)995470000002498908 035 $a(EXLCZ)995470000002498908 100 $a20151030d1972 ua 0 101 0 $aeng 135 $aurun||||a|a|| 181 $ctxt$2rdacontent 182 $cc$2rdamedia 183 $acr$2rdacarrier 200 10$aDesign loads for inserts embedded in concrete /$fT.W. Reichard, E.F. Carpenter, E.V. Leyendecker 210 0$aGaithersburg, MD :$cU.S. Dept. of Commerce, National Institute of Standards and Technology,$d1972. 215 $a1 online resource 225 1 $aBuilding science series ;$v42 300 $aContributed record: Metadata reviewed, not verified. Some fields updated by batch processes. 300 $a1972. 300 $aTitle from PDF title page. 320 $aIncludes bibliographical references. 606 $aConcrete inserts$xTesting 606 $aConcrete inserts$xTesting$2fast 615 0$aConcrete inserts$xTesting. 615 7$aConcrete inserts$xTesting. 676 $a690/.08 s 676 $a624/.1834 700 $aReichard$b T. W$g(Thomas W.)$01392112 701 $aCarpenter$b E. F$01392113 701 $aLeyendecker$b Edgar V.$f1939-$01391095 701 $aReichard$b T. W$g(Thomas W.)$01392112 712 02$aUnited States.$bNational Bureau of Standards. 801 0$bNBS 801 1$bNBS 801 2$bOCLCO 801 2$bOCLCE 801 2$bOCLCF 801 2$bOCLCQ 906 $aBOOK 912 $a9910712928703321 996 $aDesign loads for inserts embedded in concrete$93876079 997 $aUNINA